| 000 | 00376 a2200133 4500 | ||
|---|---|---|---|
| 003 | Nust | ||
| 005 | 20170207171550.0 | ||
| 040 | _cNust | ||
| 082 | _a799 | ||
| 245 |
_a06-Comdt’s Address to NCs/PCs/ASCs,Photographs-2016 _cMCS |
||
| 260 |
_aRawalpindi _bMCS _c13-01-2016 |
||
| 650 | _a06-Comdt’s Address to NCs/PCs/ASCs,Photographs-2016, DVD NO-01 (VOL-I) | ||
| 651 | _aSweet Memories-MCS | ||
| 942 | _cBK | ||
| 999 |
_c217413 _d217413 |
||